Municipios de Nuevo León - Estadísticas

Estadísticas generales
  • Esta prueba ha sido intentada 98 veces
  • La puntuación promedio es 37 de 51
Respuestas en el mapa
Las respuestas están codificadas por una escala verde-roja en el mapa de la prueba según el % correcto abajo.
 
Estadísticas de respuestas
Respuesta % Correcto
China
98%
Monterrey
98%
Guadalupe
93%
Apodaca
91%
San Pedro
91%
General Escobedo
89%
San Nicolás
89%
García
86%
Santa Catarina
86%
Santiago
86%
Juárez
84%
Linares
84%
Allende
82%
Anáhuac
82%
Doctor Coss
80%
Hidalgo
80%
Montemorelos
80%
Pesquería
80%
Cadereyta Jímenez
77%
Doctor Arroyo
77%
Bustamante
75%
General Terán
75%
Hualahuises
75%
Aramberri
73%
Lampazos de Naranjo
73%
Marín
73%
Abasolo
70%
Ciénega de Flores
70%
Galeana
70%
General Zaragoza
70%
General Zuazua
70%
Mina
68%
Agualeguas
66%
Los Ramones
66%
Mier y Noriega
66%
Parás
66%
Cerralvo
64%
Doctor González
64%
El Carmen
64%
General Treviño
64%
Higueras
64%
Iturbide
64%
Los Aldamas
61%
Rayones
61%
Salinas Victoria
61%
General Bravo
59%
Los Herreras
57%
Vallecillo
57%
Sabinas Hidalgo
55%
Melchor Ocampo
52%
Villaldama
52%
No se encontraron pruebas coincidentes
Distribución de puntuación
Porcentaje de gente con cada puntuación
Porcentaje por número respondido
Historial de tus puntuaciones
No has intentado esta prueba.